000 nam a22 7a 4500
999 _c7505
_d7505
008 170916b xxu||||| |||| 00| 0 eng d
100 _94032
_aKidz
245 _aPanchatantra
260 _aNew Delhi